00968nam a22001097a 4500008004100000100002000041245013400061260002300195300003600218520058100254773002300835231011b ||||| |||| 00| 0 eng d aAgnihotri, Indu aWomen’s histories of struggle in the face of a politics that divided nations: Excerpts from a conversation with Pramila Pandhe  aSocial Scientist  a51(7-8), Jul-Aug, 2023: p.87-92 aPramila Pandhe had weathered many storms and shouldered multiple responsibilities before I came to know her a short, gentle women quite unlike my image of a leader when she took charge as the office secretary of the all India Democratic women’s association (AIDWA), and late rice President of AIDWA. The story of the life was intertwined with the time she lived through colonial rule the influence of the social reform movement and her experience ne in Institutions was a visible presence in the western reign of India during the anti-imperialist struggle. – Reproduced  aSocial Scientist